Moira Kelly Filmography - Statistics

General Stats
  • This quiz has been taken 10 times
    3 since last reset
  • The average score is 12 of 51
Answer Stats
Type Year Name % Correct
Film 1994 The Lion King
100%
Film 1992 Chaplin
67%
Film 1992 The Cutting Edge
67%
Film 2004 The Lion King 1½
67%
Film 1998 The Lion King II: Simba's Pride
67%
Film 1994 With Honors
67%
Film 1991 Billy Bathgate
33%
Film 1993 Cannibal! The Musical
33%
Film 1997 Changing Habits
33%
Film 1998 Dangerous Beauty
33%
TV Film 1993 Daybreak
33%
Film 1997 Drive, She Said
33%
Film 1996 Entertaining Angels: The Dorothy Day Story
33%
Film 1999 Henry Hill
33%
Film 1998 Hi-Life
33%
Film 1994 Little Odessa
33%
TV Mini-Series 1991 Love, Lies and Murder
33%
TV Film 2025 Love of the Irish
33%
Film 1997 Love Walked In
33%
Film 2007 Remember the Daze
33%
Film 1991 The Boy Who Cried B***h
33%
Film 2001 The Safety of Objects
33%
Film 1995 The Tie That Binds
33%
TV Show 1999-2000 The West Wing
33%
TV Show 1998 To Have & to Hold
33%
Film 1992 Twin Peaks: Fire Walk with Me
33%
Film 2014 Twin Peaks: The Missing Pieces
33%
Film 2006 Two Tickets to Paradise
33%
Film 1996 Unhook the Stars
33%
Video Game 1994 Animated StoryBook: The Lion King
0%
TV Film 2012 A Smile as Big as the Moon
0%
Short Film 2004 A Woman Reported
0%
TV Film 2019 Christmas in Louisiana
0%
Web Series 2023 Citadel
0%
TV Film 2017 Deadly Sorority
0%
Video Game 2022 Disney Dreamlight Valley
0%
TV Show 2013 Drop Dead Diva
0%
TV Film 2018 Girl in the Bunker
0%
TV Show 2002 Hack
0%
TV Show 2009 Heroes
0%
TV Show 1991, 2008 Law & Order
0%
TV Film 1998 Monday After the Miracle
0%
TV Film 2022 My Southern Family Christmas
0%
TV Show 2010 Numb3rs
0%
TV Show 2003-2009 One Tree Hill
0%
Web Series 2021 Panic
0%
TV Film 2012 Taken Back: Finding Haley
0%
Video Game 1998 The Lion King II: Simba's Pride Active Play
0%
TV Show 2019, 2020 The Resident
0%
TV Show 2002 The Twilight Zone
0%
Short Film 1992 Thirty Below Zero
0%
No matching quizzes found
Score Distribution
Percent of People with Each Score
Percentile by Number Answered
Your Score History
You have not taken this quiz since the last reset